ATLAS 2024 (Record no. 20888)

000 -LEADER
fixed length control field 00822nam a22002057a 4500
008 - FIXED-LENGTH DATA ELEMENTS--GENERAL INFORMATION
fixed length control field 250528b xxu||||| |||| 00| 0 eng d
040 ## - CATALOGING SOURCE
Original cataloging agency Cagayan State University
Description conventions RDA
082 ## - DEWEY DECIMAL CLASSIFICATION NUMBER
Classification number 791.4732
245 ## - TITLE STATEMENT
Title ATLAS 2024
Statement of responsibility, etc Director Brad Peyton/ Writers Leo Sardarian, Aron Eli Coleite/ Rob Ducsay
260 ## - PUBLICATION, DISTRIBUTION, ETC. (IMPRINT)
Place of publication, distribution, etc United States
Name of publisher, distributor, etc Netflix
Date of publication, distribution, etc May 24, 2024
300 ## - PHYSICAL DESCRIPTION
Extent 1 video file, ca, 120 mins
Other physical details sound, color.
520 ## - SUMMARY, ETC.
Summary, etc A brilliant data analyst with a deep distrust of AI finds it may be her only hope when a mission to capture a renegade robot goes awry.
650 ## - SUBJECT ADDED ENTRY--TOPICAL TERM
Topical term or geographic name as entry element Science fiction, action, thriller
700 ## - ADDED ENTRY--PERSONAL NAME
Personal name Jennifer Lopez , stars.
700 ## - ADDED ENTRY--PERSONAL NAME
Personal name Bob Ducsay, editor.
700 ## - ADDED ENTRY--PERSONAL NAME
Personal name Simu Liu, stars.
700 ## - ADDED ENTRY--PERSONAL NAME
Personal name Sterling K. Brown, stars.
700 ## - ADDED ENTRY--PERSONAL NAME
Personal name John Schwartzman, cinematographer.
942 ## - ADDED ENTRY ELEMENTS (KOHA)
Source of classification or shelving scheme
Item type Audio-Visual Materials
Holdings
Source of acquisition Price effective from Permanent location Date last seen Not for loan Date acquired Source of classification or shelving scheme Koha item type Collection code Shelving location Damaged status Lost status Withdrawn status Current location Full call number
Donation2025-05-28Cagayan State University - Carig Library2025-05-28 2025-05-28 Audio-Visual MaterialsElectronic Media CenterElectronic Media Center   Cagayan State University - Carig Library791.4732

Cagayan State University University Library, Carig Campus
Tuguegarao City, Cagayan 3500 | www.csucarig.edu.ph

Powered by Koha